LDR 00907naa#a2200169#i#450# 001 RU\\bibl\123347 005 20260705233340.7 011 ## _a1994-4683 100 ## _a20230731b2023####ek#y0rusy0150####ca 102 ## _aRU 200 1# _aСОВРЕМЕННЫЙ ВЗГЛЯД НА ВОСПИТАТЕЛЬНО-ОБРАЗОВАТЕЛЬНЫЙ ПРОЦЕСС У СПОРТСМЕНОВ _eЖурнальная статья 210 1# _aМосква _cНациональный государственный Университет физической культуры, спорта и здоровья им. П.Ф. Лесгафта _d2023 215 ## _a6 с. 608 ## _aЖурнальная статья _2local 675 ## _aФилософия. Теория. Назначение. Методика. Этика. Эстетика. 796.01 _z 700 #1 _aАгличева _gИрина Владимировна 856 4# _auchzapiski.lesgaft.spb.ru _u